000 00844nam a22002417a 4500
003 UA-OsUOA
001 101147
007 ta
008 20130605b un ||||| |||| 00| 0 ukr d
100 _aБарабанова Г. В.
090 _a811.111
_bБ24
942 _cBK
040 _aUA-OsUOA
_brus
_cUA-OsUOA
_dUA-OsUOA
245 _aЛингводидактическая игра в обучении английскому языку в средней школе
_bучебное пособие на английском языке
300 _a84 с.
955 _a2
041 _arus
080 _a811.111
020 _a966-7717-39-9
260 _aСевастополь
_bСевНТУ
_c2012
650 7 _a8 Мовознавство. Художня література. Літературознавство
_2UDC
999 _c387397
_d387397